Liderazgo: capacidades para dirigir
Gorde:
| Egile nagusia: | |
|---|---|
| Formatua: | Liburua |
| Hizkuntza: | gaztelania |
| Argitaratua: |
Ciudad de México
Fondo de Cultura Económica
1994
|
| Edizioa: | 1a. ed |
| Saila: | Administración Pública
|
| Gaiak: | |
| Etiketak: |
Etiketa erantsi
Etiketarik gabe, Izan zaitez lehena erregistro honi etiketa jartzen!
|
MARC
| LEADER | 00000cam a2200000 a 4500 | ||
|---|---|---|---|
| 001 | UCD6835 | ||
| 003 | CL-VaPUC | ||
| 008 | 170226e19940000mx |||||||||||||||||spa|d | ||
| 020 | |a 9681644859 | ||
| 082 | 0 | 4 | |a 658.4092 |b CAS |2 21 |
| 100 | 0 | |a Casares Arrangoiz, David |e author |9 590674 | |
| 245 | 1 | 0 | |a Liderazgo: capacidades para dirigir |
| 250 | |a 1a. ed | ||
| 300 | |a 181 p | ||
| 942 | |c BK | ||
| 945 | |d 20170226 00:48:00 |a dcastane | ||
| 260 | |a Ciudad de México |b Fondo de Cultura Económica |c 1994 | ||
| 650 | 0 | |a Liderazgo |9 271835 | |
| 650 | 0 | |a Administración de empresas |9 260833 | |
| 650 | 0 | |a Administración del personal |9 260442 | |
| 650 | 0 | |a Planificación estratégica |9 259735 | |
| 583 | |a last modification |c 20170226 00:48:00 |k Rodrigo Vera | ||
| 490 | 0 | |a Administración Pública | |
| 999 | |c 367012 |d 367010 | ||
| 952 | |0 0 |1 0 |3 erd |4 0 |6 658_409200000000000_CAS_1994 |7 0 |8 A |9 481690 |a BIBENE |b BIBENE |i 5328225 |o 658.4092 CAS 1994 |p 5328225 |r 2025-01-15 |w 2019-11-24 |y BK |z Catalogado en:20170226 |k ICO | ||